At the heart of the White Rose : letters and diaries of Hans and Sophie Scholl /

Bibliographic Details
Main Author: Scholl, Hans, 1918-1943
Other Authors: Jens, Inge, Scholl, Sophie, 1921-1943
Format: Book
Language:English
Published: New York : Harper & Row, [1987]
Edition:1st ed.
Subjects:

MARC

Tag First Indicator Second Indicator Subfields
LEADER 00000cam a2200000 a 4500
001 in00000034463
005 20151007060728.0
008 870526s1987 nyuc b 00110 eng
010 |a  86045696  
020 |a 0060157054 :  |c $21.95 
035 |a (OCoLC)16004779 
035 |9 AAC1593AM 
040 |a DLC  |c DLC  |d TXA  |d UtOrBLW 
041 1 |a eng  |h ger 
043 |a e-gw---  |a e-gx--- 
049 |a TXAM  |c 1 [A11687993], 2 [A11710233] 
050 0 0 |a DD247.S375  |b A4 1987 
082 0 |a 943.086/092/2  |2 19 
100 1 |a Scholl, Hans,  |d 1918-1943. 
240 1 0 |a Hans Scholl, Sophie Scholl, Briefe und Aufzeichnungen.  |l English 
245 1 0 |a At the heart of the White Rose :  |b letters and diaries of Hans and Sophie Scholl /  |c edited by Inge Jens ; translated from the German by J. Maxwell Brownjohn ; preface by Richard Gilman. 
250 |a 1st ed. 
264 1 |a New York :  |b Harper & Row,  |c [1987] 
264 4 |c ©1987 
300 |a xiv, 331 pages :  |b portraits ;  |c 22 cm. 
336 |a text  |b txt  |2 rdacontent 
337 |a unmediated  |b n  |2 rdamedia 
338 |a volume  |b nc  |2 rdacarrier 
500 |a Adapted and translated from: Hans Scholl, Sophie Scholl, Briefe und Aufzeichnungen. 
504 |a Includes bibliographical references and index. 
600 1 0 |a Scholl, Hans,  |d 1918-1943  |x Correspondence. 
600 1 0 |a Scholl, Sophie,  |d 1921-1943  |x Correspondence. 
650 0 |a College students  |z Germany  |x Correspondence. 
650 0 |a Anti-Nazi movement  |z Germany  |z Munich. 
610 2 0 |a Universität München  |y Riot, 1943. 
610 2 0 |a Weisse Rose (Resistance group) 
700 1 |a Jens, Inge. 
700 1 |a Scholl, Sophie,  |d 1921-1943. 
999 |a MARS 
999 f f |s beb045e2-1d6c-3860-9756-b2710ea2a2e0  |i 2f1d147d-8d69-3309-aab8-622b9684e591  |t 0 
952 f f |p ric  |a Texas A&M University  |b Rellis Campus  |c Joint Library Facility  |s JLF  |d Remote Storage  |t 0  |e DD247.S375 A4 1987  |h Library of Congress classification  |i unmediated -- volume  |m A14811710233 
998 f f |a DD247.S375 A4 1987  |t 0  |l Remote Storage